[Event "XLIV Sevilla Open 2019"]
[Site "Sevilla"]
[Date "2019.01.18"]
[Round "8"]
[White "Polivanov, Anatoliy"]
[Black "Kul, Ivan"]
[Result "1-0"]
[WhiteElo "2374"]
[BlackElo "2196"]
[Annotator "TA"]
[PlyCount "85"]
[EventDate "2019.01.11"]
[EventType "swiss"]
[EventCountry "ESP"]
[SourceTitle "playchess.com"]
[Source "ChessBase"]
[SourceQuality "1"]

{[%evp 9,85,-20,-30,-25,-8,-9,-6,-12,64,53,93,93,110,112,90,85,137,79,155,154,219,51,135,122,129,159,393,393,366,333,366,310,383,376,372,381,418,407,408,406,443,338,400,385,387,377,526,225,570,568,524,553,622,618,621,616,597,610,780,765,976,985,991,991,915,880,1301,1260,1681,853,820,800,1027,939,1097,1094,1044,998]} 1. d4 Nf6 2. c4 g6 3. Nc3 d5 4. f3 c5 5. dxc5 d4 6. Nb5 {[%cal Bc3b5,Bb5c7,Bc7a8][%mdl 32] D80: Grünfeld: Unusual White 4th moves and 4 Bg5} Nc6 {...a6 is the strong threat.} 7. e3 $1 e5 8. exd4 {The position is equal.} exd4 (8... Nxd4 $11 9. Bg5 Bxc5) (8... Nxd4 9. Nd6+ Bxd6 10. cxd6 O-O 11. Ne2 Qxd6 12. Nxd4 exd4 {0-1 (26) Rudd,J (2252)-Chatalbashev,B (2552) Cardiff 2017}) 9. Bf4 $1 $14 Bxc5 10. Nc7+ Kf8 11. Nxa8 {Threatens to win with Bd3.} Kg7 {Strongly threatening ...Re8+.} 12. Bd3 $146 {And now Nc7 would win.} ({Much weaker is} 12. Nc7 Nh5 $15) ({Predecessor:} 12. g4 Re8+ {1-0 (39) Lainburg,V (2280)-Reimche,V (2085) Schwaebisch Gmuend 2000}) 12... Nh5 13. Bc7 (13. Ne2 $142) 13... Qg5 (13... Qe7+ $142 14. Kf1 Be6) 14. Kf1 $1 $16 {Hoping for g4.} Nb4 (14... Qe3 $16) 15. Be4 $2 ({White should play} 15. a3 $18 Nxd3 16. Qxd3) 15... d3 {[#]} (15... Be6 $1 $14 16. Qc1 (16. Bxb7 $2 Bxc4+ 17. Ne2 d3 $19) 16... Qxc1+ 17. Rxc1 Rxa8) 16. Qc1 $1 {[%cal Rc1g5]} Qe7 {White must now prevent ...Nc2.} 17. Qc3+ Kg8 $2 (17... f6 $16 {was necessary.}) 18. Rd1 $18 Qh4 {[%csl Gc5][%cal Rh4f2]} 19. Rd2 Nc2 {[#]} 20. Rxc2 $1 dxc2 21. Qxc2 Kg7 {[#]} 22. b4 $1 Bd4 (22... Bxb4 23. Qb2+) 23. Qd2 Ba1 24. g3 Qe7 25. Kg2 Be5 26. Bxe5+ Qxe5 27. Ne2 {[%cal Bg1e2,Be2f4,Bf4d3][%mdl 32]} f5 28. Bc2 (28. Bd5 $142) 28... Nf6 $2 (28... Rd8 29. Bd3 (29. Qxd8 Qxe2+ 30. Kg1 Qe1+ 31. Kg2 Qe2+ 32. Kh3 Nf4+ 33. Kh4 Qxf3 $11) 29... Be6) 29. Nf4 {White is clearly winning.} Re8 30. Ba4 b5 31. Bxb5 Re7 32. Bc6 g5 33. Nd3 Qd4 34. Qxg5+ Kf7 35. Nf4 Qxc4 36. b5 Qxa2+ 37. Kh3 Qb3 38. Rc1 Qe3 39. Qxf6+ Kxf6 40. Nd5+ Kg5 41. Nxe3 f4+ 42. Ng4 h5 43. Rc5+ 1-0

[Event "XLIV Sevilla Open 2019"]
[Site "Sevilla"]
[Date "2019.01.18"]
[Round "8"]
[White "Estremera Panos, Sergio"]
[Black "Vasquez Schroeder, Rodrigo"]
[Result "0-1"]
[WhiteElo "2310"]
[BlackElo "2499"]
[Annotator "TA"]
[PlyCount "66"]
[EventDate "2019.01.11"]
[EventType "swiss"]
[EventCountry "ESP"]
[SourceTitle "playchess.com"]
[Source "ChessBase"]
[SourceQuality "1"]

{[%evp 11,66,15,16,6,14,0,0,0,0,0,0,-2,39,8,6,16,29,-15,-14,-26,-25,-48,-30,-47,-37,-33,-20,-20,-20,-20,-25,-201,-215,-204,-219,-223,-221,-268,-252,-383,-279,-393,-287,-279,-287,-590,-287,-818,-785,-961,-973,-1476,-810,-973,-909,-29997,-29998]} 1. d4 e6 2. c4 Bb4+ 3. Nc3 f5 4. e3 Bxc3+ 5. bxc3 Nf6 6. Bd3 O-O {LiveBook: 12 Games} 7. f3 {A85: Dutch Defence: 2 c4 Nf6 3 Nc3} (7. Ne2 d6 8. Qc2 c5 9. O-O Nc6 10. Rb1 b6 11. Ng3 h5 12. d5 Ne5 13. dxe6 g6 14. e4 h4 15. Nxf5 gxf5 16. exf5 {0-1 (23) Grigorian,S (2352)-Naiditsch,A (2702) Germany 2018}) 7... d6 8. e4 $146 ({Predecessor:} 8. Nh3 e5 9. O-O Qe8 10. c5 e4 11. Be2 dxc5 12. Ba3 Nbd7 13. Qb3+ Kh8 14. Ng5 a5 {0-1 (29) Gomez,J (2520)-Nouri,H (2350) Manila 2013}) 8... fxe4 9. fxe4 {The position is equal.} e5 10. Nf3 Bg4 11. O-O c5 12. Rb1 cxd4 13. cxd4 Bxf3 14. Rxf3 {c5 is the strong threat.} Nc6 15. d5 Nd4 16. Rg3 b6 17. Be3 Qc7 18. Rb2 Rf7 19. Rf2 Raf8 20. h3 Qe7 21. Kh2 $2 {[#]} (21. Rf1 $11 {and White is okay.}) 21... Ng4+ $1 $19 {[%mdl 576] Discovered Attack} 22. Qxg4 Rxf2 23. Bxf2 Rxf2 24. c5 bxc5 25. Ba6 (25. a4 {is a better defense.}) 25... g6 26. Bc8 (26. Ra3 $142) 26... Kg7 27. Ra3 Rf7 28. Ra6 $2 (28. Qg3 {is more resistant.}) 28... h5 (28... Qf6 $142 29. Be6 Qf2 30. Bxf7 Ne2 31. Qxe2 (31. h4 $2 {gets mated.} Qg1+ 32. Kh3 Qh1#) 31... Qxe2 32. Rxa7 Qxe4 33. Be6+ Kh6) 29. Qd1 $2 (29. Qg3) 29... Qg5 {[#] White must now prevent ...Rf2.} 30. Qe1 Qf4+ 31. Kg1 Rc7 32. Be6 c4 {Strongly threatening ...c3.} 33. Qa5 Ne2+ {Accuracy: White = 28%, Black = 63%.} 0-1

[Event "XLIV Sevilla Open 2019"]
[Site "Sevilla"]
[Date "2019.01.18"]
[Round "8"]
[White "Insa Alfonso, Pablo"]
[Black "Krishna Teja, N."]
[Result "1/2-1/2"]
[WhiteElo "2301"]
[BlackElo "2371"]
[Annotator "NA"]
[PlyCount "78"]
[EventDate "2019.01.11"]
[EventType "swiss"]
[EventCountry "ESP"]
[SourceTitle "playchess.com"]
[Source "ChessBase"]
[SourceQuality "1"]
[TimeControl "5400+30"]

1. e4 {[%emt 0:00:00]} c6 {[%emt 0:00:00]} 2. d4 {[%emt 0:00:01]} d5 {[%emt 0:00:00]} 3. Nc3 {[%emt 0:00:05]} dxe4 {[%emt 0:00:00]} 4. Nxe4 {[%emt 0:00:04]} Bf5 {[%emt 0:00:00]} 5. Ng3 {[%emt 0:00:02]} Bg6 {[%emt 0:00:00]} 6. h4 {[%emt 0:01:09]} h6 {[%emt 0:00:00]} 7. Nf3 {[%emt 0:00:10]} e6 {[%emt 0:00:00]} 8. Ne5 {[%emt 0:01:04]} Bh7 {[%emt 0:00:00]} 9. Bd3 {[%emt 0:00:30]} Bxd3 {[%emt 0:00:00]} 10. Qxd3 {[%emt 0:00:03]} Nf6 {[%emt 0:03:26]} 11. Bd2 {[%emt 0:00:48]} Nbd7 {[%emt 0:00:07]} 12. f4 {[%emt 0:00:29]} Be7 {[%emt 0:00:22]} 13. O-O-O {[%emt 0:00:39]} h5 {[%emt 0:03:37]} 14. Qf3 {[%emt 0:04:04]} g6 {[%emt 0:01:30]} 15. Kb1 {[%emt 0:10:27]} Qc7 {[%emt 0:04:00]} 16. c4 {[%emt 0:07:13]} Rh7 {[%emt 0:02:23]} 17. Bc3 {[%emt 0:05:14]} O-O-O {[%emt 0:00:17]} 18. Ne2 {[%emt 0:02:05]} Kb8 {[%emt 0:10:04]} 19. Rhf1 {[%emt 0:05:09]} Ng4 {[%emt 0:01:44]} 20. Nxg4 {[%emt 0:01:19]} hxg4 {[%emt 0:00:10]} 21. Qxg4 {[%emt 0:00:03]} Rxh4 {[%emt 0:00:26]} 22. Qf3 {[%emt 0:00:11]} Bf6 {[%emt 0:04:40]} 23. Be1 {[%emt 0:03:00]} Rhh8 {[%emt 0:03:47]} 24. f5 {[%emt 0:01:58]} Bh4 {[%emt 0:04:37]} 25. Bxh4 {[%emt 0:02:47]} Rxh4 {[%emt 0:01:57]} 26. fxe6 {[%emt 0:00:06]} fxe6 {[%emt 0:00:04]} 27. Qf7 {[%emt 0:06:35]} Rg4 {[%emt 0:03:28]} 28. g3 {[%emt 0:06:35]} Qd6 {[%emt 0:16:39]} 29. Qf3 {[%emt 0:15:55]} Rg5 {[%emt 0:00:20]} 30. Qe3 {[%emt 0:00:55]} Rf5 {[%emt 0:00:28]} 31. Nf4 {[%emt 0:02:11]} Rf6 {[%emt 0:01:40]} 32. Rfe1 {[%emt 0:01:25]} Nf8 {[%emt 0:00:19]} 33. Qe5 {[%emt 0:01:23]} Rf5 {[%emt 0:00:48]} 34. Qe4 {[%emt 0:04:00]} g5 {[%emt 0:07:26]} 35. Nxe6 {[%emt 0:00:52]} Qxe6 {[%emt 0:00:59]} 36. Qxe6 {[%emt 0:00:52]} Nxe6 {[%emt 0:00:02]} 37. Rxe6 {[%emt 0:00:05]} Rf3 {[%emt 0:00:12]} 38. d5 {[%emt 0:03:27]} cxd5 {[%emt 0:00:20]} 39. cxd5 {[%emt 0:00:51]} Rxg3 {[%emt 0:00:16]} 1/2-1/2

[Event "XLIV Sevilla Open 2019"]
[Site "Sevilla"]
[Date "2019.01.18"]
[Round "8"]
[White "Silva Lucena, Cristian"]
[Black "Xu, Xiangyu"]
[Result "1/2-1/2"]
[WhiteElo "2211"]
[BlackElo "2567"]
[Annotator "TA"]
[PlyCount "50"]
[EventDate "2019.01.11"]
[EventType "swiss"]
[EventCountry "ESP"]
[SourceTitle "playchess.com"]
[Source "ChessBase"]
[SourceQuality "1"]

{[%evp 10,50,0,3,-1,3,34,36,56,65,76,70,77,70,93,61,53,59,57,45,45,37,31,35,42,29,24,25,18,0,0,0,0,-8,-8,-20,0,0,0,-14,0,0,0]} 1. e4 c5 2. d3 {[%cal Bd2d3,Bd3e4,Be4e5][%mdl 32]} Nc6 3. f4 d5 4. Be2 dxe4 5. dxe4 Qxd1+ 6. Bxd1 {LiveBook: 36 Games. B21: Sicilian: 2 f4 and Morra Gambit} e6 (6... Nf6 7. e5 Nd5 8. c3 Bf5 9. Na3 g5 10. fxg5 Nxe5 11. Ba4+ Bd7 12. Bxd7+ Kxd7 13. Ke2 {1-0 (57) Chigaev,M (2551)-Alekseev,E (2636) Sochi 2016}) 7. Nc3 Bd6 $146 ({Predecessor:} 7... Bd7 8. Nf3 O-O-O 9. O-O f6 10. Be3 Nh6 11. h3 Be7 12. Be2 {½-½ (38) Hamperl,F (2114)-Canonne,A (1945) Vale 2014}) 8. Be3 {White is slightly better.} b6 9. e5 Bb8 10. Bf3 Nge7 11. O-O-O Bb7 12. g4 a6 13. Nge2 {[%cal Bg1e2,Be2g3,Bg3h5,Bh5f6][%mdl 32]} Bc7 14. Ng3 (14. Bf2 {feels hotter.} Rd8 15. Ne4 Na5 16. Kb1 O-O 17. b3) 14... Rd8 15. Rxd8+ Kxd8 16. Nh5 Rg8 17. Rd1+ Kc8 18. a3 h6 19. h3 {The position is equal.} g5 20. Nf6 $36 {[%mdl 2048] Black is under pressure.} Rh8 $1 21. fxg5 ({But not} 21. Rd7 gxf4 22. Bxf4 Ng6 $17) 21... hxg5 22. Nh5 Rg8 23. Nf6 {[#] Bxc6 is the strong threat.} Rh8 24. Nh5 Rg8 25. Nf6 {aiming for Bxc6.} Rh8 {Accuracy: White = 59%, Black = 63%.} 1/2-1/2

[Event "XLIV Sevilla Open 2019"]
[Site "Sevilla"]
[Date "2019.01.18"]
[Round "8"]
[White "Priyanka Nutakki"]
[Black "Xu, Yi"]
[Result "0-1"]
[WhiteElo "2195"]
[BlackElo "2528"]
[Annotator "TA"]
[PlyCount "87"]
[EventDate "2019.01.11"]
[EventType "swiss"]
[EventCountry "ESP"]
[SourceTitle "playchess.com"]
[Source "ChessBase"]
[SourceQuality "1"]

{[%evp 12,87,26,10,18,-5,6,0,-4,-19,-9,-21,-19,-26,0,0,62,-39,-39,-39,-39,-37,-37,-41,-38,-38,0,0,0,0,0,0,0,0,0,0,37,0,0,0,0,0,0,0,0,0,0,0,0,0,49,0,2,0,0,0,0,-19,-19,-25,0,0,0,0,0,0,0,0,0,-510,-467,-4134,2179,-1983,1628,-5117,-5110,-5077]} 1. c4 e5 2. Nc3 Bb4 3. Nf3 Bxc3 4. bxc3 d6 5. g3 (5. e4 Nc6 6. g3 Nge7 7. Bg2 O-O 8. d3 f5 9. exf5 Bxf5 10. Ng5 Qd7 11. O-O h6 12. Ne4 Bh3 13. Bxh3 Qxh3 14. Qe2 Rf7 15. Bd2 Raf8 16. f3 {½-½ (16) Ivanchuk,V (2728)-Kazhgaleyev,M (2576) Tbilisi 2017}) 5... Ne7 6. Bg2 {A21: English Opening: 1...e5 2 Nc3} Nbc6 7. O-O {LiveBook: 12 Games} Be6 8. d3 {The position is equal.} h6 9. Rb1 $146 ({Predecessor:} 9. Ne1 Qd7 10. Nc2 Bh3 11. e4 Bxg2 12. Kxg2 O-O 13. Be3 f5 14. f3 {0-1 (36) Duverlie,V (2113)-Nikcevic,N (2457) France 2002}) 9... b6 10. e4 Qd7 11. Qe2 O-O 12. Nh4 Rae8 13. f4 {[#] Threatens to win with f5.} f5 (13... Bg4 $11 14. Qf2 exf4) 14. fxe5 ({White should play} 14. g4 $1 $14 fxe4 15. f5 exd3 16. Qxd3) 14... Nxe5 $15 15. Bf4 N5g6 16. exf5 Nxf4 17. Rxf4 Nxf5 18. Nxf5 Rxf5 19. Re4 Rff8 20. Re1 {[%cal Re4e6]} Bf7 $1 21. Re7 Qf5 {And now ...Rxe7 would win.} 22. Rf1 Rxe7 23. Qxe7 Qe5 (23... Qg5 {keeps more tension.} 24. Qxg5 hxg5 25. Be4 Re8 26. Bh7+ Kxh7 27. Rxf7 Re3) 24. Rxf7 (24. Qxe5 {seems wilder.} dxe5 25. Be4 a6 26. Kg2 Rd8 27. Kf2) 24... Rxf7 25. Qxe5 dxe5 $14 {[%mdl 4096] Endgame KR-KB} 26. Bd5 Kf8 {Strongly threatening ...Rf6.} 27. Bxf7 Kxf7 $11 {KP-KP} 28. Kf2 Ke6 29. Kf3 Kf5 30. g4+ Kg5 31. Kg3 h5 32. h4+ Kg6 33. Kf3 a6 34. a4 hxg4+ 35. Kxg4 c6 36. Kg3 Kf5 37. Kf3 g6 38. Ke3 Ke6 39. Ke4 Kd6 40. Kf3 $2 {[%mdl 8192]} (40. Ke3 $11 {and White is okay.}) 40... a5 $19 41. Ke4 {[#]} (41. Ke3 $142 Kc5 42. Kd2) 41... Kc5 $4 {[%mdl 8192]} (41... b5 $1 $19 {[%mdl 512]} 42. cxb5 (42. axb5 a4) 42... cxb5) 42. Ke3 $4 {[%mdl 8192]} (42. Kxe5 $18 b5 43. axb5 cxb5 44. d4+ Kxc4 45. d5) 42... e4 $4 {[%mdl 8192]} (42... b5 $19 43. cxb5 cxb5 44. axb5 Kxb5) 43. d4+ $4 {[%mdl 8192]} (43. Kxe4 $18 Kd6 44. d4) 43... Kxc4 44. Kxe4 {Precision: White = 49%, Black = 60%.} 0-1

[Event "XLIV Sevilla Open 2019"]
[Site "Sevilla"]
[Date "2019.01.18"]
[Round "8"]
[White "Crespo, Eugenio"]
[Black "Ertan, Can"]
[Result "0-1"]
[WhiteElo "2169"]
[BlackElo "2421"]
[Annotator "TA"]
[PlyCount "94"]
[EventDate "2019.01.11"]
[EventType "swiss"]
[EventCountry "ESP"]
[SourceTitle "playchess.com"]
[Source "ChessBase"]
[SourceQuality "1"]

{[%evp 18,94,-13,-13,0,0,0,0,14,0,20,11,22,16,18,4,0,0,15,13,0,-10,22,-10,-5,-38,0,-45,-25,-59,-58,-50,-48,-54,-53,-45,-48,-52,-53,-58,-49,-66,-50,-59,-53,-65,-63,-66,-19,-58,-43,-65,-65,-66,-66,-70,-29,-66,-36,-293,-300,-546,-537,-634,-634,-618,-635,-639,-639,-620,-604,-511,-505,-605,-530,-989,-987,-905,-687]} 1. e4 e5 2. Nf3 Nc6 3. Bb5 a6 4. Ba4 Nf6 5. O-O b5 6. Bb3 Be7 7. d3 d6 8. Nc3 Na5 9. h3 O-O 10. Bd2 {LiveBook: 5 Games. C84: Closed Ruy Lopez: Unusual White 6th moves} (10. Be3 Bb7 11. Re1 Nxb3 12. axb3 Nd7 13. d4 Bf6 14. Qd2 exd4 15. Bxd4 Re8 16. Nd5 Ne5 17. Nxf6+ Qxf6 18. Bxe5 dxe5 {½-½ (68) Bartel,M (2623)-Sargissian,G (2679) Baku 2015}) 10... c6 11. Ne2 Nxb3 12. axb3 {The position is equal.} Qc7 13. Ng3 d5 $146 ({Predecessor:} 13... Be6 14. Ba5 Qd7 15. Re1 Rfe8 16. d4 exd4 17. Nxd4 c5 18. Nxe6 Qxe6 {½-½ (42) Klausner,H (2187)-Johansson,J (2016) ICCF email 2012}) 14. Re1 dxe4 15. dxe4 Re8 16. Bc3 Bf8 17. Qd2 Qb8 18. Qg5 {[%cal Rc3e5]} h6 19. Qe3 Kh7 20. b4 Qc7 21. Nh4 g6 22. Rad1 (22. Nf3 $5 {[%cal Rf3e5]}) 22... a5 23. Ra1 Be6 24. Nf3 Nd7 $1 25. bxa5 b4 26. Bd2 Rxa5 27. Red1 Rea8 28. Qe1 Qa7 29. Rab1 Qc5 30. b3 Ra2 31. c4 bxc3 32. Bxc3 Rc2 33. Rdc1 Raa2 $36 {[%cal Rc2f2][%mdl 2048] White is under pressure.} 34. Bd2 Rxc1 35. Rxc1 Qb5 36. b4 Bc4 37. Bc3 c5 {[%cal Bc6c5,Bc5b4][%mdl 32]} 38. Rb1 $2 {[%mdl 8192] [#]} (38. bxc5 $1 $15 Bxc5 39. Bd2) 38... Bd3 $19 39. Rd1 $2 (39. Rb2 {was called for.} Rxb2 40. Bxb2) 39... cxb4 {Black is clearly winning.} 40. Bxe5 Nxe5 41. Nxe5 Qxe5 42. Rxd3 Bc5 43. Rd5 Ra1 44. Rxe5 Rxe1+ 45. Nf1 Bd4 46. Re7 b3 47. Rxf7+ Bg7 {Accuracy: White = 35%, Black = 58%.} 0-1

[Event "XLIV Sevilla Open 2019"]
[Site "Sevilla"]
[Date "2019.01.18"]
[Round "8"]
[White "Callejas Rojas, Francisco Miguel"]
[Black "Blanco Acevedo, Cristobal Jose"]
[Result "0-1"]
[WhiteElo "2164"]
[BlackElo "2397"]
[Annotator "NA"]
[PlyCount "58"]
[EventDate "2019.01.11"]
[EventType "swiss"]
[EventCountry "ESP"]
[SourceTitle "playchess.com"]
[Source "ChessBase"]
[SourceQuality "1"]
[TimeControl "5400+30"]

1. d4 {[%emt 0:00:00]} Nf6 {[%emt 0:17:25]} 2. c4 {[%emt 0:00:00]} g6 {[%emt 0:00:18]} 3. Nc3 {[%emt 0:00:08]} Bg7 {[%emt 0:00:06]} 4. e4 {[%emt 0:00:12]} d6 {[%emt 0:00:07]} 5. Be2 {[%emt 0:00:54]} O-O {[%emt 0:00:20]} 6. Bg5 {[%emt 0:02:40]} Nbd7 {[%emt 0:01:11]} 7. Qd2 {[%emt 0:01:07]} e5 {[%emt 0:00:09]} 8. d5 {[%emt 0:00:08]} a6 {[%emt 0:02:52]} 9. f3 {[%emt 0:01:12]} Qe8 {[%emt 0:01:19]} 10. g4 {[%emt 0:03:41]} Nc5 {[%emt 0:00:50]} 11. h4 {[%emt 0:05:31]} Bd7 {[%emt 0:00:17]} 12. h5 {[%emt 0:10:51]} b5 {[%emt 0:00:20]} 13. b4 {[%emt 0:00:19]} Nb7 {[%emt 0:00:10]} 14. cxb5 {[%emt 0:08:46]} axb5 {[%emt 0:00:11]} 15. Bd3 {[%emt 0:10:29]} c5 {[%emt 0:00:59]} 16. Qh2 {[%emt 0:08:33]} h6 {[%emt 0:03:33]} 17. Bxf6 {[%emt 0:06:16]} Bxf6 {[%emt 0:00:21]} 18. hxg6 {[%emt 0:00:01]} Bg7 {[%emt 0:01:14]} 19. gxf7+ {[%emt 0:03:41]} Rxf7 {[%emt 0:00:08]} 20. Rb1 {[%emt 0:07:13]} Ra3 {[%emt 0:05:20]} 21. Qb2 {[%emt 0:01:33]} Qa8 {[%emt 0:04:10]} 22. Be2 {[%emt 0:01:29]} Be8 {[%emt 0:03:31]} 23. Nh3 {[%emt 0:10:41]} Rc7 {[%emt 0:04:16]} 24. O-O {[%emt 0:03:34]} cxb4 {[%emt 0:01:06]} 25. Nxb5 {[%emt 0:00:04]} Bxb5 {[%emt 0:04:21]} 26. Bxb5 {[%emt 0:00:01]} Rxa2 {[%emt 0:00:42]} 27. Qxb4 {[%emt 0:07:50]} Qa7+ {[%emt 0:00:32]} 28. Rf2 {[%emt 0:00:20]} Bf6 {[%emt 0:01:49]} 29. Bc4 {[%emt 0:01:50]} Ra4 {[%emt 0:01:03]} 0-1

[Event "XLIV Sevilla Open 2019"]
[Site "Sevilla"]
[Date "2019.01.18"]
[Round "8"]
[White "Pons Morro, Mateo"]
[Black "Pogorelov, Ruslan"]
[Result "0-1"]
[WhiteElo "2134"]
[BlackElo "2357"]
[Annotator "TA"]
[PlyCount "112"]
[EventDate "2019.01.11"]
[EventType "swiss"]
[EventCountry "ESP"]
[SourceTitle "playchess.com"]
[Source "ChessBase"]
[SourceQuality "1"]

{[%evp 13,112,-51,-13,-50,-50,-56,-53,-47,-54,-51,-51,-118,-109,-125,-109,-114,-106,-100,-76,-85,-79,-121,-116,-114,-106,-130,-118,-119,-113,-117,-114,-115,-112,-129,-115,-123,-124,-138,-138,-200,-193,-194,-203,-226,-239,-237,-203,-235,-225,-249,-247,-249,-248,-249,-241,-243,-241,-234,-233,-250,-248,-227,-212,-291,-291,-334,-334,-334,-205,-197,0,-290,-290,-334,-323,-445,-444,-4133,-4357,-3933,-3582,-2127,-1774,-1263,-1006,-2420,-1819,-5608,-5604,-5192,-5133,-5185,-5065,-5175,-5136,-5079,-5045,-4566,-576,-29984,-29985]} 1. e4 c5 2. Nf3 e6 3. c4 Nc6 4. d4 cxd4 5. Nxd4 Nf6 6. Nc3 Bb4 7. f3 O-O {LiveBook: 8 Games} 8. Be3 {B44: Sicilian: Taimanov: 5 Nb5} (8. Nxc6 bxc6 9. e5 Nh5 10. Qd4 f6 11. exf6 e5 12. Qh4 Nxf6 13. Bd3 Qb6 14. Bg5 d5 15. a3 Bxc3+ 16. bxc3 {0-1 (49) Balint,V (2281)-Mischuk,D (2403) Budapest 2017}) 8... d5 9. Be2 e5 $146 ({Predecessor:} 9... dxe4 10. fxe4 Nxe4 11. Nxc6 bxc6 12. Qc2 Qh4+ 13. g3 Nxg3 14. Bf2 Qe4 15. Qxe4 Nxe4 {0-1 (40) Velez Alvarez,L (1833)-Romero,D (1939) Medellin 2014}) 10. Nxc6 {Black is slightly better.} bxc6 11. exd5 cxd5 {[#] Threatens to win with ...d4.} 12. cxd5 (12. a3 $15 Bxc3+ 13. bxc3) 12... Nxd5 $17 13. Bd2 {Black must now prevent Nxd5.} Nxc3 14. Bxc3 Bxc3+ 15. bxc3 Qc7 16. O-O Qxc3 17. Qb3 Qd4+ 18. Kh1 Be6 19. Qd3 Qxd3 20. Bxd3 Rfd8 $36 {[%mdl 2048] Black is in control.} 21. Bc2 Rab8 22. Bb3 Rb6 23. Rfd1 Rxd1+ 24. Rxd1 {[%cal Rd1d8]} Kf8 25. Bxe6 Rxe6 {[%mdl 4096] Endgame KR-KR} 26. Rd5 (26. h4 $17 {was necessary.}) 26... e4 $19 27. fxe4 Rxe4 {[%cal Re4e1]} 28. Kg1 Ra4 29. Rd2 h5 30. Kf2 Ke7 31. Ke3 g5 32. Rc2 Kd6 33. Rd2+ Ke5 34. Rb2 Ra3+ 35. Kf2 a6 36. g3 Ra4 37. Rc2 f6 38. Re2+ Kf5 39. Kg2 h4 40. Rf2+ Ke5 41. Re2+ Kf5 (41... Kd5 $142 42. Kf2 f5) 42. Rf2+ Kg6 43. Rd2 Kh5 44. Rf2 hxg3 45. hxg3 (45. Rxf6 $142 gxh2 46. Rf2) 45... Kg4 46. Rc2 f5 47. Rd2 a5 {[%cal Ba6a5,Ba5a4][%mdl 32]} 48. Rc2 Rb4 49. Rd2 a4 50. a3 Rb3 51. Rd4+ f4 52. gxf4 gxf4 {[%cal Bg5f4,Bf4f3][%mdl 32]} 53. Rxa4 Rb2+ 54. Kf1 {[#]} Kg3 $1 55. Rb4 Ra2 56. Rb3+ f3 {Precision: White = 29%, Black = 88%.} 0-1

[Event "XLIV Sevilla Open 2019"]
[Site "Sevilla"]
[Date "2019.01.18"]
[Round "8"]
[White "Garrido Outon, Alex"]
[Black "Montero Melendez, Rafael"]
[Result "0-1"]
[WhiteElo "2097"]
[BlackElo "2353"]
[Annotator "NA"]
[PlyCount "44"]
[EventDate "2019.01.11"]
[EventType "swiss"]
[EventCountry "ESP"]
[SourceTitle "playchess.com"]
[Source "ChessBase"]
[SourceQuality "1"]
[TimeControl "5400+30"]

1. e4 {[%emt 0:00:00]} e5 {[%emt 0:00:00]} 2. Nf3 {[%emt 0:00:00]} Nc6 {[%emt 0:00:00]} 3. Bb5 {[%emt 0:00:05]} Nf6 {[%emt 0:00:00]} 4. O-O {[%emt 0:00:38]} Nxe4 {[%emt 0:00:00]} 5. d4 {[%emt 0:00:12]} Nd6 {[%emt 0:00:00]} 6. Bxc6 {[%emt 0:00:36]} dxc6 {[%emt 0:00:00]} 7. dxe5 {[%emt 0:00:12]} Nf5 {[%emt 0:00:05]} 8. Qxd8+ {[%emt 0:00:12]} Kxd8 {[%emt 0:00:04]} 9. Rd1+ {[%emt 0:00:30]} Ke8 {[%emt 0:00:05]} 10. h3 {[%emt 0:00:23]} Ne7 {[%emt 0:02:04]} 11. Nc3 {[%emt 0:02:38]} Ng6 {[%emt 0:00:14]} 12. Be3 {[%emt 0:03:39]} h6 {[%emt 0:09:23]} 13. Rd2 {[%emt 0:04:45]} Bb4 {[%emt 0:08:09]} 14. a3 {[%emt 0:05:24]} Bxc3 {[%emt 0:00:07]} 15. bxc3 {[%emt 0:00:03]} b6 {[%emt 0:22:13]} 16. Rad1 {[%emt 0:11:24]} c5 {[%emt 0:00:57]} 17. Nh2 {[%emt 0:08:13]} Be6 {[%emt 0:08:23]} 18. f4 {[%emt 0:03:13]} h5 {[%emt 0:13:57]} 19. g4 {[%emt 0:05:25]} hxg4 {[%emt 0:00:07]} 20. hxg4 {[%emt 0:00:16]} Rh3 {[%emt 0:00:23]} 21. Re1 {[%emt 0:03:26]} Nh4 {[%emt 0:01:54]} 22. Bf2 {[%emt 0:03:59]} Rxh2 {[%emt 0:01:07]} 0-1

[Event "XLIV Sevilla Open 2019"]
[Site "Sevilla"]
[Date "2019.01.18"]
[Round "8"]
[White "Garcia Jimenez, Santiago"]
[Black "Dhulipalla Bala Chandra Prasa"]
[Result "0-1"]
[WhiteElo "2072"]
[BlackElo "2341"]
[Annotator "TA"]
[PlyCount "64"]
[EventDate "2019.01.11"]
[EventType "swiss"]
[EventCountry "ESP"]
[SourceTitle "playchess.com"]
[Source "ChessBase"]
[SourceQuality "1"]

{[%evp 18,64,36,27,32,2,7,0,0,-12,-2,-18,-21,-71,-19,-65,-46,-144,-137,-123,-147,-152,-145,-124,-108,-197,-205,-210,-207,-235,-227,-318,-301,-303,-229,-354,-363,-371,-366,-349,-349,-430,-391,-978,-748,-5174,-2382,-1857,-1662]} 1. c4 e5 2. g3 Nf6 3. Bg2 Nc6 4. Nc3 Bb4 5. Nd5 Bc5 6. e3 d6 7. Ne2 Nxd5 {A25: English Opening vs King's Indian with ...Nc6 but without early d3} (7... Bb6 8. O-O O-O 9. Nxb6 axb6 10. Nc3 Bg4 11. f3 Be6 12. b3 d5 13. cxd5 Nxd5 14. Nxd5 Bxd5 15. Bb2 {0-1 (57) Grigoriants,S (2561)-Anton Guijarro,D (2666) Riadh 2017}) 8. cxd5 Ne7 9. O-O Bb6 10. d4 {LiveBook: 7 Games} f6 11. a3 O-O 12. b4 Bg4 $146 ({Predecessor:} 12... Qe8 13. h3 a5 14. bxa5 Rxa5 {½-½ (30) Perez Campos,A (2084)-Alvarez Fernandez,E (2267) Aviles 2006}) 13. Bb2 Qd7 14. f3 Bh5 15. e4 a5 ({Black should try} 15... f5 $17 {aiming for ...fxe4.} 16. Bh3 Qb5 17. Bxf5 Nxf5 18. exf5 a5) 16. Qd3 f5 17. exf5 ({White should play} 17. Kh1 $15) 17... Nxf5 $17 ({Of course not} 17... Nxd5 $6 18. Kh1 $11) 18. Kh1 Bg6 {And now ...Nxg3+! would win.} 19. Qd2 axb4 20. axb4 Rae8 21. dxe5 (21. Rfe1 $17) 21... dxe5 $19 22. Ra3 Nd6 23. Rc1 {[#]} e4 $1 {[%cal Re4f3]} 24. Nf4 (24. f4 $142) 24... exf3 25. Rxf3 Be4 26. Rff1 {[#]} (26. Rb3 $142) 26... Be3 $1 {[%cal Re3d2][%mdl 576] Skewer} 27. Qc3 (27. Qxe3 Bxg2+) 27... Bxc1 28. Rxc1 Rf7 29. Re1 Qg4 30. Ne6 $2 (30. Rg1) 30... Qh3 {[%csl Ge4][%cal Rh3g2] Black is clearly winning.} 31. Nf4 Bxg2+ 32. Nxg2 {[#]} Re2 $1 {[%mdl 512] Accuracy: White = 23%, Black = 74%.} 0-1